000 00364nam a2200145 4500
005 20260305132909.0
008 260305b |||||||| |||| 00| 0 eng d
020 _a9780470180525
_qPBK
041 _aENG
082 _a641.813
_b WRI
100 _aClifford A. Wright
245 _aThe Best Soups In The World
260 _aCANADA
_bWILEY
_c2010
942 _cENGLISH
999 _c616972
_d616972